Método para piano : (Introducción a la música) / Tomo Ia
Saved in:
| Format: | Book |
|---|---|
| Published: |
Buenos Aires :
Barry,
1996.
|
| Edition: | 9a ed. |
| LEADER | 00385nam a22001217a 4500 | ||
|---|---|---|---|
| 003 | AR-BeUNQ | ||
| 005 | 20200226162324.0 | ||
| 999 | |c 32769 |d 116569 | ||
| 245 | |a Método para piano : |b (Introducción a la música) / |c Violeta H. de Gainza. |n Tomo Ia | ||
| 250 | |a 9a ed. | ||
| 260 | |a Buenos Aires : |b Barry, |c 1996. | ||
| 929 | |a DONACION |b Daniel Badenes |d 1000,00 |e 20191121 |f PAT0074994 |g 3557 |h 1 |o PR | ||
| 942 | |c LIB |n 1 | ||